00431nam a2200157Ia 4500003000900000008004100009020002200050040001600072080001500088100002400103245005600127260004200183300001400225650001300239650002100252IN-BaIIA211028s9999 xx 000 0 eng d a978-3-527-40991-4 cIIA Library a524.6bBOS aBoselli, Alessandro 2aA Panchromatic view of galaxiescAlessandro Boselli aWeinheimbWiley-VCH Verlag Gmbhc2012 axv, 324p. aGalaxies aGalaxy evolution